000 00458nam a2200157Ia 4500
999 _c22414
_d22414
003 OSt
005 20200611093837.0
008 190216s9999||||xx |||||||||||||| ||und||
040 _coclc
082 _a216.61
_bALI/A
100 _aAli, Abdul
_92294
245 0 _aArab Islamic Legacy To Life Sciences /
_cAbdul Ali
260 _bIdarah-1 Adabiyat-1,
_c1993.
_aDelhi:
300 _a113p
942 _cBK
_2ddc
_h216.61
_iALI/A
_k216.61
_mALI/A